00381nam a2200121 a 4500008004100000020001800041050001500059100001900074245008000093260004000173300003200213700001400245211129s2010 ||||||||||||||||| || u a9781847692948 aGN 346 Blo aBlommaert, Jan11a Ethnographic fieldwork : a beginner's guidecBy Jan Blommaert and Dong Jie aBuffalobMultilingual Mattersc2010 av, 92 pages : illustrations aJie, Dong